000 00403nam a2200145Ia 4500
008 230312s9999||||xx |||||||||||||| ||und||
082 _a004.22
_bENG-A
100 _aEnglander IRV
245 0 _aArchitecture of Computer Hardware and systems software
260 _bJohn Wiley
_aNew York
_c1996
300 _a750
546 _aEng.
650 _aArchitecture
_vComputer systems , Number system
942 _cBK
999 _c3453
_d3453